[Event "ESP-ch U14 rapid"]
[Site "Salobrena"]
[Date "2023.07.23"]
[Round "5"]
[White "Del Valle Crespo, Javier"]
[Black "Ainsa Jimenez, Lucas"]
[Result "1-0"]
[WhiteElo "1598"]
[BlackElo "1388"]
[PlyCount "119"]
[EventDate "2023.07.22"]
[EventType "swiss (rapid)"]
[EventRounds "9"]
[EventCountry "ESP"]
[SourceTitle "EXT 2024"]
[Source "ChessBase"]
[SourceDate "2023.10.10"]
[SourceVersion "1"]
[SourceVersionDate "2023.10.10"]
[SourceQuality "1"]

1. e4 e5 2. Nf3 Nc6 3. d4 exd4 4. Bc4 Nf6 5. e5 d5 6. Bb5 Ne4 7. Nxd4 Bc5 8. Be3 0-0 9. 0-0 Qe8 10. f3 Nd6 11. Bxc6 bxc6 12. f4 f6 13. Bf2 fxe5 14. fxe5 Ne4 15. Qe2 Qxe5 16. Nxc6 Qxb2 17. Bxc5 Rxf1+ 18. Qxf1 Bd7 19. Bd4 Qxc2 20. Ne7+ Kh8 21. Na3 Qa4 22. Bb2 Qb4 23. Rb1 Qxe7 24. Nc2 Nd2 25. Re1 Qc5+ 26. Bd4 Qxc2 27. Qf7 Qg6 28. Qf4 Ne4 29. Qxc7 Qc6 30. Qe5 Rg8 31. Rf1 Qd6 32. Qh5 Nf6 33. Qh4 Rf8 34. Qf2 Kg8 35. Bc5 Qb8 36. Bxf8 Qxf8 37. Qxa7 h6 38. Rxf6 Qxf6 39. Qxd7 Qa1+ 40. Kf2 Qxa2+ 41. Kg3 Qb3+ 42. Kf2 Qc2+ 43. Kg3 Qd3+ 44. Kf4 Qe4+ 45. Kg3 d4 46. Qc8+ Kh7 47. Qc4 Qe3+ 48. Kg4 d3 49. Qd5 Qg5+ 50. Qxg5 hxg5 51. Kf3 Kh6 52. Ke3 Kh5 53. Kxd3 g4 54. Ke3 Kg5 55. Ke4 g3 56. h3 Kh4 57. Kf4 g6 58. Kf3 g5 59. Ke4 g4 60. hxg4 1-0

[Event "ESP-ch U14 rapid"]
[Site "Salobrena"]
[Date "2023.07.22"]
[Round "3"]
[White "Del Valle Crespo, Javier"]
[Black "Etayo Delgado, Asier"]
[Result "1-0"]
[WhiteElo "1598"]
[BlackElo "1293"]
[PlyCount "71"]
[EventDate "2023.07.22"]
[EventType "swiss (rapid)"]
[EventRounds "9"]
[EventCountry "ESP"]
[SourceTitle "EXT 2024"]
[Source "ChessBase"]
[SourceDate "2023.10.10"]
[SourceVersion "1"]
[SourceVersionDate "2023.10.10"]
[SourceQuality "1"]

1. e4 e5 2. Nf3 Nc6 3. Bc4 Bc5 4. c3 Nf6 5. d4 exd4 6. cxd4 Bb4+ 7. Nbd2 d5 8. exd5 Nxd5 9. 0-0 0-0 10. a3 Ba5 11. Qb3 Nce7 12. Ne4 c6 13. Bg5 f6 14. Bh4 Kh8 15. Bg3 Bc7 16. Rfe1 Nb6 17. Bd3 Bg4 18. Bc2 Bxg3 19. Nxg3 Ned5 20. Qd3 g6 21. h3 Bxf3 22. Qxf3 Nc4 23. h4 Kg7 24. h5 Nd6 25. Bb3 Ne7 26. h6+ Kh8 27. Re6 Ndf5 28. Nxf5 Nxf5 29. Rae1 Nxd4 30. Qc3 Nxe6 31. Rxe6 Rc8 32. g4 g5 33. Qe3 Rc7 34. Qe4 Qd2 35. Rxf6 Rxf6 36. Qe8+ 1-0

[Event "ESP-ch U14"]
[Site "Salobrena"]
[Date "2023.07.18"]
[Round "3"]
[White "Torres Rebolledo, Alvaro"]
[Black "Del Valle Crespo, Javier"]
[Result "1-0"]
[WhiteElo "2113"]
[BlackElo "1764"]
[PlyCount "99"]
[EventDate "2023.07.17"]
[EventType "swiss"]
[EventRounds "9"]
[EventCountry "ESP"]
[SourceTitle "EXT 2024"]
[Source "ChessBase"]
[SourceDate "2023.10.10"]
[SourceVersion "1"]
[SourceVersionDate "2023.10.10"]
[SourceQuality "1"]

1. e4 e6 2. d4 d5 3. Nd2 c5 4. c3 cxd4 5. cxd4 dxe4 6. Nxe4 Nf6 7. Nc3 Nc6 8. Nf3 Be7 9. a3 0-0 10. Bd3 Nd5 11. 0-0 Bf6 12. Bc2 b6 13. Ne4 Ba6 14. Re1 h6 15. b4 Qc7 16. Bb3 Nce7 17. Bb2 Rac8 18. Ne5 Rfd8 19. Rc1 Qb8 20. Rxc8 Bxc8 21. Ng4 Bg5 22. g3 Nf5 23. h4 Be7 24. Ne5 Qb7 25. Qf3 Bd6 26. Qg4 Bxe5 27. dxe5 Nde7 28. Nd6 Qb8 29. Bc2 Qc7 30. Rc1 Qb8 31. b5 Rf8 32. h5 Rd8 33. a4 Rf8 34. Ba3 Rd8 35. Kh2 Bd7 36. Qe4 Bc8 37. g4 Nxd6 38. exd6 Nf5 39. gxf5 exf5 40. Qe7 Be6 41. Bd1 Rd7 42. Qh4 Qb7 43. Qd4 Bd5 44. Qe5 Be4 45. Rc7 Rxc7 46. dxc7 Kh7 47. Bf3 Bxf3 48. Qxf5+ g6 49. Qxf7+ Kh8 50. Bb2# 1-0

[Event "Pontevedra op-B 10th"]
[Site "Pontevedra"]
[Date "2022.07.25"]
[Round "2.3"]
[White "Del Valle Crespo, Javier"]
[Black "Garcia Hernandez, Angel"]
[Result "1/2-1/2"]
[WhiteElo "1616"]
[BlackElo "1900"]
[PlyCount "58"]
[EventDate "2022.07.24"]
[EventType "swiss"]
[EventRounds "9"]
[EventCountry "ESP"]
[SourceTitle "EXT 2023"]
[Source "ChessBase"]
[SourceDate "2022.10.05"]
[SourceVersion "1"]
[SourceVersionDate "2022.10.05"]
[SourceQuality "1"]

1. e4 c6 2. d4 d5 3. exd5 cxd5 4. Bd3 Nc6 5. c3 Qc7 6. b3 g6 7. Nf3 Bg7 8. 0-0 Bf5 9. Bxf5 gxf5 10. Qd3 e6 11. Re1 0-0-0 12. Na3 a6 13. b4 Na7 14. b5 Nxb5 15. Nxb5 axb5 16. Qxb5 Ne7 17. Rb1 Qc6 18. Qb4 Ng6 19. Bg5 Rd7 20. Rec1 f6 21. c4 Kd8 22. cxd5 Qxd5 23. Bd2 Ke8 24. Rc5 Qd6 25. Rc8+ Ke7 26. Qxd6+ Kxd6 27. Bb4+ Kd5 28. Rc5+ Kd6 29. Rc2+ Kd5 1/2-1/2

[Event "Pontevedra op-B 10th"]
[Site "Pontevedra"]
[Date "2022.07.25"]
[Round "3.10"]
[White "Maquieira Vidal, Alvaro"]
[Black "Del Valle Crespo, Javier"]
[Result "1-0"]
[WhiteElo "1947"]
[BlackElo "1616"]
[PlyCount "101"]
[EventDate "2022.07.24"]
[EventType "swiss"]
[EventRounds "9"]
[EventCountry "ESP"]
[SourceTitle "EXT 2023"]
[Source "ChessBase"]
[SourceDate "2022.10.05"]
[SourceVersion "1"]
[SourceVersionDate "2022.10.05"]
[SourceQuality "1"]

1. e4 d5 2. exd5 Qxd5 3. Nc3 Qa5 4. d4 Nf6 5. Nf3 Bf5 6. Ne5 e6 7. Nc4 Qb4 8. a3 Qe7 9. Be2 Qd8 10. g4 Bg6 11. h4 h5 12. Ne5 Bh7 13. g5 Ne4 14. Bxh5 Nd6 15. g6 Bxg6 16. Nxg6 fxg6 17. Bxg6+ Kd7 18. h5 Qf6 19. Qg4 Nc6 20. Be3 Ne7 21. 0-0-0 Nxg6 22. hxg6 Be7 23. d5 Qf5 24. dxe6+ Qxe6 25. Qg2 b6 26. Rhe1 Qh3 27. Qd5 Qh5 28. Qf7 Raf8 29. Qxg7 Rfg8 30. Qd4 Qxg6 31. Qa4+ Kc8 32. Qxa7 Bg5 33. Bxg5 Qxg5+ 34. Kb1 Qc5 35. Ne4 Qc6 36. Nxd6+ cxd6 37. Qe7 Rd8 38. Qe4 Qxe4 39. Rxe4 Kc7 40. Re6 Rhf8 41. Rd2 Rf3 42. a4 Kc6 43. b3 Kc5 44. Kb2 d5 45. c3 Rd6 46. Rxd6 Kxd6 47. c4 Kc6 48. cxd5+ Kd6 49. b4 Rh3 50. a5 bxa5 51. bxa5 1-0

[Event "ESP-ch U12"]
[Site "Salobrena"]
[Date "2022.07.13"]
[Round "4"]
[White "Del Valle Crespo, Javier"]
[Black "Escarcena Mercado, Angel"]
[Result "1-0"]
[WhiteElo "1616"]
[BlackElo "1375"]
[PlyCount "61"]
[EventDate "2022.07.04"]
[EventType "swiss"]
[EventRounds "9"]
[EventCountry "ESP"]
[SourceTitle "EXT 2023"]
[Source "ChessBase"]
[SourceDate "2022.10.05"]
[SourceVersion "1"]
[SourceVersionDate "2022.10.05"]
[SourceQuality "1"]

1. e4 e5 2. Nf3 Nf6 3. d4 Nxe4 4. Bd3 d5 5. dxe5 Be7 6. 0-0 0-0 7. Qe2 Nc5 8. Nc3 Be6 9. Nd4 Qd7 10. f4 Nxd3 11. Qxd3 Bc5 12. Kh1 Bxd4 13. Qxd4 Nc6 14. Qf2 Bf5 15. h3 Nb4 16. Bd2 Nxc2 17. Rac1 d4 18. Nd1 d3 19. Ne3 Be6 20. Nxc2 dxc2 21. Rxc2 Bxa2 22. f5 Bd5 23. Qg3 g6 24. f6 Be4 25. Qh4 Bxg2+ 26. Kxg2 Qd5+ 27. Rf3 h5 28. Qf4 Qb5 29. Qh6 Qe2+ 30. Kg1 Qd1+ 31. Rf1 1-0

[Event "ESP-ch U12"]
[Site "Salobrena"]
[Date "2022.07.11"]
[Round "1"]
[White "Del Valle Crespo, Javier"]
[Black "Alvarez Barrallo, Rodrigo"]
[Result "1-0"]
[WhiteElo "1616"]
[BlackElo "1183"]
[PlyCount "41"]
[EventDate "2022.07.04"]
[EventType "swiss"]
[EventRounds "9"]
[EventCountry "ESP"]
[SourceTitle "EXT 2023"]
[Source "ChessBase"]
[SourceDate "2022.10.05"]
[SourceVersion "1"]
[SourceVersionDate "2022.10.05"]
[SourceQuality "1"]

1. e4 e5 2. Nf3 Nc6 3. d4 exd4 4. Bc4 Nf6 5. e5 d5 6. Bb5 Ne4 7. Nxd4 Bd7 8. Bxc6 bxc6 9. 0-0 Bc5 10. Be3 Bb6 11. f3 Ng5 12. f4 c5 13. e6 Nxe6 14. Nxe6 Bxe6 15. f5 Bc8 16. Bd2 Qf6 17. Re1+ Kf8 18. Nc3 Qd4+ 19. Kh1 Bxf5 20. Qe2 g6 21. Bh6+ 1-0

[Event "Galicia-ch U14"]
[Site "Padron"]
[Date "2022.02.28"]
[Round "5"]
[White "Dominguez Conde, Hugo"]
[Black "Del Valle Crespo, Javier"]
[Result "1/2-1/2"]
[WhiteElo "1683"]
[BlackElo "1481"]
[PlyCount "119"]
[EventDate "2022.02.26"]
[EventType "swiss"]
[EventRounds "8"]
[EventCountry "ESP"]
[SourceTitle "EXT 2023"]
[Source "ChessBase"]
[SourceDate "2022.10.05"]
[SourceVersion "1"]
[SourceVersionDate "2022.10.05"]
[SourceQuality "1"]

1. e4 d5 2. exd5 Nf6 3. Nf3 Qxd5 4. Be2 Bf5 5. Nc3 Qd8 6. d4 e6 7. Nh4 Bg6 8. Nxg6 hxg6 9. Be3 c6 10. Bf3 Nd5 11. Nxd5 cxd5 12. c4 Bb4+ 13. Bd2 Bxd2+ 14. Qxd2 0-0 15. 0-0 Nc6 16. cxd5 exd5 17. Rac1 Qd6 18. Rc5 Ne7 19. g3 Rac8 20. Rfc1 b6 21. Rxc8 Rxc8 22. Rxc8+ Nxc8 23. Qe2 Ne7 24. Qb5 Qd8 25. Qa4 a5 26. Qb5 Kf8 27. Qa6 Kg8 28. Qb7 Kf8 29. Kf1 Kg8 30. Ke1 Qd6 31. Kd1 Qb4 32. Qb8+ Kh7 33. Qe5 f6 34. Qe3 Qd6 35. Qb3 Qc6 36. Qc2 Qd6 37. h4 Kg8 38. a3 Kf7 39. h5 gxh5 40. Bxh5+ g6 41. Bg4 Kg7 42. Qe2 Kf7 43. Qe3 Ng8 44. Kd2 Qc6 45. Qc3 Qxc3+ 46. Kxc3 Ke7 47. b4 axb4+ 48. Kxb4 Kd6 49. Kb5 Kc7 50. Be6 Ne7 51. Bf7 g5 52. g4 Kb7 53. a4 Kc7 54. Ka6 Kc6 55. Be8+ Kc7 56. Kb5 Kb7 57. a5 bxa5 58. Kxa5 Kc7 59. Kb5 Kd6 60. Kb4 1/2-1/2